সার ব্যবহার নির্দেশিকা / (Record no. 1838)
[ view plain ]
| 000 -LEADER | |
|---|---|
| fixed length control field | 00829nam a22002177a 4500 |
| 001 - CONTROL NUMBER | |
| control field | BD-DhSAU 1838 |
| 003 - CONTROL NUMBER IDENTIFIER | |
| control field | BD-DhSAU |
| 005 - DATE AND TIME OF LATEST TRANSACTION | |
| control field | 20150121113642.0 |
| 008 - FIXED-LENGTH DATA ELEMENTS--GENERAL INFORMATION | |
| fixed length control field | 150121b1988 |||||r|||| 000 0 d |
| 040 ## - CATALOGING SOURCE | |
| Original cataloging agency | BD-DhSAU |
| 082 ## - DEWEY DECIMAL CLASSIFICATION NUMBER | |
| Edition number | 22 |
| Classification number | ৬৩১.৮১ |
| Item number | সহিস্য |
| 100 ## - MAIN ENTRY--PERSONAL NAME | |
| Personal name | ইসলাম, মোঃ শহিদুল |
| 245 ## - TITLE STATEMENT | |
| Title | সার ব্যবহার নির্দেশিকা / |
| Statement of responsibility, etc. | মোঃ শহিদুল ইসলাম ও মোঃ সদরুল আমিন |
| 260 ## - PUBLICATION, DISTRIBUTION, ETC. (IMPRINT) | |
| Place of publication, distribution, etc. | ঢাকা : |
| Name of publisher, distributor, etc. | প্যাপিরাস প্রেস ; |
| Date of publication, distribution, etc. | ১৯৮৮ |
| 300 ## - PHYSICAL DESCRIPTION | |
| Extent | ২৮৬ পৃ. : |
| Other physical details | ২২ সেমি। |
| 590 ## - Name of Cataloguer | |
| Name of Cataloger | joy |
| 650 ## - SUBJECT ADDED ENTRY--TOPICAL TERM | |
| Topical term or geographic name as entry element | সার ব্যবহার। |
| 650 ## - SUBJECT ADDED ENTRY--TOPICAL TERM | |
| Topical term or geographic name as entry element | Fertilizer. |
| 650 ## - SUBJECT ADDED ENTRY--TOPICAL TERM | |
| Topical term or geographic name as entry element | Agronomy. |
| 700 ## - ADDED ENTRY--PERSONAL NAME | |
| Personal name | আমিন, মোঃ সদরুল |
| 942 ## - ADDED ENTRY ELEMENTS (KOHA) | |
| Source of classification or shelving scheme | Dewey Decimal Classification |
| Koha item type | Book |
| Withdrawn status | Lost status | Source of classification or shelving scheme | Damaged status | Not for loan | Home library | Branch Name | Shelving location | Date acquired | Total Checkouts | Full call number | Barcode | Date last seen | Price effective from | Koha item type |
|---|---|---|---|---|---|---|---|---|---|---|---|---|---|---|
| Dewey Decimal Classification | SAU Library | SAU Library | General Stacks | 26/06/1989 | ৬৩১.৮১ সহিস্য | 13829 | 21/01/2015 | 21/01/2015 | Book | |||||
| Dewey Decimal Classification | SAU Library | SAU Library | General Stacks | 26/06/1989 | ৬৩১.৮১ সহিস্য | 13823 | 21/01/2015 | 21/01/2015 | Book | |||||
| Dewey Decimal Classification | SAU Library | SAU Library | General Stacks | 26/06/1989 | ৬৩১.৮১ সহিস্য | 13831 | 10/02/2015 | 10/02/2015 | Book | |||||
| Dewey Decimal Classification | SAU Library | SAU Library | General Stacks | 26/06/1989 | ৬৩১.৮১ সহিস্য | 13819 | 22/02/2015 | 22/02/2015 | Book |
